000 00676nam a22002057a 4500
003 OSt
005 20251105014132.0
008 251105b |||||||| |||| 00| 0 eng d
020 _a978-1-4129-5746-5
040 _aDWCL-Admin lib
_cOC
082 _aCirc. 302.2244 B966l 2008
100 _aBurniske, R.W.
245 _aLiteracy in the digital age /
_cR.W. Burniske
260 _a Thousand Oaks,
_bCalif. : Corwin Press,
_cc2008.
300 _a xii, 139 p. : ill. ;
_c28 cm
504 _aIncludes bibliographical references and index.
650 _a1. Computers and literacy.
650 _a2. Language arts- Computer assisted instruction.
942 _2ddc
_cBK-CIRC
_kCirc.
_n0
999 _c5458
_d5458